00764nam a2200193 a 450000100100000000500170001000800410002704000250006808200150009311001000010824500960020826001010030430000200040549000430042570000170046870000210048570000210050683000430052700002967920200930055726.0110425s1985 dr 000 0 spa d aDO-SdBNPbspacBNPHU axxxbN718a1 aRepública DominicanabSecretaría de Estado de Deportes, Educación Física y Recreación13aEl niño en el agua, comportamiento pedagógico :bnatación /cSerge Astol...[et. al.]. aSanto Domingo :bSecretaría de Estado de Deportes, Educación Física y Recreación,c1985. a11 p. ;c23 cm.1 aFicha Técnica y Pedagógicavno. 221 aAstol, Serge1 aAudureau, Claude1 aCatteau, Raymond 0aFicha Técnica y Pedagógicanno. 22